Relatos de formación y saberes docentes. Historias de vida de profesores principiantes en Chile y España.

Tallennettuna:
Bibliografiset tiedot
Päätekijä: Hermosilla, Patricia (autora)
Muut tekijät: Creus, Amalia (autora)
Aineistotyyppi: Tuntematon
Julkaistu: Santiago, Chile: RIL Editores, 2018.
Aiheet:
Tagit: Lisää tagi
Ei tageja, Lisää ensimmäinen tagi!

MARC

LEADER 00000 a2200000 4500
003 CL-VaPUC
005 20221107105625.0
008 221018t2018 ||||| |||| 00| 0 eng d
999 |c 438762  |d 438760 
020 |a 978-956-01-0329-1 
040 |c Pontificia Universidad Católica de Valparaíso 
082 |a 371.1 HER 2018 
100 |a Hermosilla, Patricia  |9 876725  |e autora 
245 |a Relatos de formación y saberes docentes.  |b Historias de vida de profesores principiantes en Chile y España. 
260 |a Santiago, Chile:  |b RIL Editores,  |c 2018. 
300 |a 151 páginas. 
583 |k GC  |c 20221018 
650 |a Profesores   |z Chile   |x Entrevistas   |9 878071 
650 |a Profesores   |z España   |x Entrevistas   |9 878072 
650 |a Profesores   |z Chile y España   |x Formación   |x Relatos   |9 878073 
700 |a Creus, Amalia  |e autora  |9 877730 
942 |2 ddc  |c BK 
952 |0 0  |1 0  |2 ddc  |4 0  |6 371_100000000000000_HER_2018  |7 0  |8 A  |9 587255  |a BIBHIS  |b BIBHIS  |c GEN  |d 2022-10-13  |e 3  |g 20779.00  |i 5655188  |l 2  |o 371.1 HER 2018  |p 5655188  |r 2025-01-20  |s 2023-03-08  |t 1  |v 20779.00  |w 2022-10-13  |y BK  |k HIS